Передача звукових явищ в англійському прозовому фольклорі для дітей (на основі казок) (Запис № 285327)

МАРК-запис
000 -LEADER
fixed length control field 02009nam a22001577a 4500
041 ## - LANGUAGE CODE
Language code of text/sound track or separate title ukr
080 ## - UNIVERSAL DECIMAL CLASSIFICATION NUMBER
Universal Decimal Classification number 09
090 ## - LOCALLY ASSIGNED LC-TYPE CALL NUMBER (OCLC); LOCAL CALL NUMBER (OCLC)
Local cutter number (OCLC) ; Book number/undivided call number, CALL (RLIN) МОВ
100 ## - MAIN ENTRY--PERSONAL NAME
Personal name Мовчан, І. М.
245 ## - TITLE STATEMENT
Title Передача звукових явищ в англійському прозовому фольклорі для дітей (на основі казок)
260 ## - PUBLICATION, DISTRIBUTION, ETC. (IMPRINT)
Place of publication, distribution, etc Острог
Name of publisher, distributor, etc КАФ
Date of publication, distribution, etc 2013
300 ## - PHYSICAL DESCRIPTION
Extent 74
520 ## - SUMMARY, ETC.
Summary, etc Вступ.<br/>Розділ І. Фонема у контексті звука.<br/>1.1. Трактування поняття "фонеми" вітчизняними лінгвістами<br/>1.2. Теорія фонем на Заході<br/>1.3. Фонема як обєкт вивчення лінгвістичних літературознавчих дисциплін<br/>1.4. Фоностилістичні засоби передачі звука в англійській мові. Алітерація та асонанс<br/>1.5 Парономасія та звуконаслідування як засоби інструментування. Явище звукосимволізму<br/>Розділ ІІ. Звукова організація англійських та англомовних казок для дітей.<br/>2.1. Childcraft методика художнього виховання американського малюка<br/>2.2. Англійська казка в контексті світового дитячого фольклору<br/>2.3. Казки про тварин<br/>2.4. Чарівні казки<br/>2.5. Кумулятивні казки<br/>Розділ ІІІ. Вплив шуму, вібрації, ультразвуку та інфразвуку на людину.<br/>3.1. Вплив шуму<br/>3.2. Вплив вібрації<br/>3.3. Вплив ультразвуку<br/>3.4. Вплив інфразвуку<br/>Висновки.<br/>Список використаної літератури.<br/>Додатки.
-- фонема, казка, фольклор
650 ## - SUBJECT ADDED ENTRY--TOPICAL TERM
Topical term or geographic name as entry element English Grammar
942 ## - ADDED ENTRY ELEMENTS (KOHA)
Koha item type Книги
Фонди
Withdrawn status Lost status Source of classification or shelving scheme Damaged status Not for loan Home library Current library Date acquired Source of acquisition Cost, normal purchase price Total Checkouts Full call number Barcode Date last seen Price effective from Koha item type
    Universal Decimal Classification     ВІЛ - Відділ іноземн. літератури НБ ВІЛ - Відділ іноземн. літератури НБ 12/06/2013 Акт №7 1.00   09 215296 09/11/2021 12/06/2013 Книги